ELECTRIC TECHNOLOGY FOR NATIONAL CERTFICATE COURSES (Record no. 567552)

000 -LEADER
fixed length control field 00274nam a22001097a 4500
082 ## - DEWEY DECIMAL CLASSIFICATION NUMBER
Classification number 621.3 TEA'E
100 ## - MAIN ENTRY--PERSONAL NAME
Personal name WALTON, E. G,TEASDALL, H
9 (RLIN) 57258
245 ## - TITLE STATEMENT
Title ELECTRIC TECHNOLOGY FOR NATIONAL CERTFICATE COURSES
250 ## - EDITION STATEMENT
Edition statement V-1
260 ## - PUBLICATION, DISTRIBUTION, ETC.
Place of publication, distribution, etc. LONDON
Name of publisher, distributor, etc. EUP
Date of publication, distribution, etc. 1957
942 ## - ADDED ENTRY ELEMENTS (KOHA)
Koha item type Book
Holdings
Withdrawn status Lost status Damaged status Not for loan Permanent Location Current Location Shelving location Date acquired Total Checkouts Full call number Barcode Date last seen Price effective from Koha item type
        College of Electrical & Mechanical Engineering (CEME) College of Electrical & Mechanical Engineering (CEME) General Stacks 07/12/2017   621.3 TEA'E CEME-4255 06/28/2021 06/28/2021 Book
© 2023 Central Library, National University of Sciences and Technology. All Rights Reserved.